000 00412nam a2200181Ia 4500
005 20240823024213.0
008 240823s9999||||xx |||||||||||||| ||und||
041 _aENGLISH
082 _A378.194 Q0
100 _aBusiness World
245 4 _aThe Ultimate B-School Guide 2010
250 _a1st
260 _c2010
_b#VALUE!
500 _aYES
650 _aGeneral
_bGeneral
942 _cBK
999 _c183367
_d183367